[Event "MSR_ch20"]
[Site "?"]
[Date "2024.04.05"]
[Round "1.13"]
[White "Rakovsky, Jakub"]
[Black "Vojtas, Marek"]
[Result "1-0"]
[BlackElo "1676"]
[WhiteElo "2069"]
[LiveChessVersion "1.4.8"]

1. e4 {[%clk 1:30:53]} c6 {[%clk 1:30:58]} 2. d4 {[%clk 1:30:50]} d5
{[%clk 1:31:25]} 3. exd5 {[%clk 1:30:44]} cxd5 {[%clk 1:31:48]} 4. Bd3
{[%clk 1:31:00]} Nc6 {[%clk 1:32:14]} 5. c3 {[%clk 1:31:17]} Nf6 {[%clk 1:32:23]}
6. h3 {[%clk 1:31:15]} e6 {[%clk 1:31:40]} 7. Nf3 {[%clk 1:30:06]} Bd6
{[%clk 1:31:59]} 8. O-O {[%clk 1:29:06]} O-O {[%clk 1:32:15]} 9. Re1
{[%clk 1:27:34]} Re8 {[%clk 1:31:43]} 10. Nbd2 {[%clk 1:27:09]} e5
{[%clk 1:31:16]} 11. dxe5 {[%clk 1:27:02]} Nxe5 {[%clk 1:31:39]} 12. Nxe5
{[%clk 1:27:22]} Bxe5 {[%clk 1:31:31]} 13. Nf3 {[%clk 1:27:21]} Bd6
{[%clk 1:30:44]} 14. Bg5 {[%clk 1:23:51]} Be7 {[%clk 1:28:51]} 15. Bb5
{[%clk 1:10:43]} Bd7 {[%clk 1:29:12]} 16. Bxf6 {[%clk 1:09:59]} Bxb5
{[%clk 1:29:19]} 17. Bxe7 {[%clk 1:09:03]} Rxe7 {[%clk 1:29:44]} 18. Rxe7
{[%clk 1:08:07]} Qxe7 {[%clk 1:30:09]} 19. Qxd5 {[%clk 1:07:34]} Bc6
{[%clk 1:30:16]} 20. Qe5 {[%clk 1:06:37]} Qxe5 {[%clk 1:29:21]} 21. Nxe5
{[%clk 1:06:30]} Bd5 {[%clk 1:29:30]} 22. Ng4 {[%clk 1:04:04]} h5
{[%clk 1:28:24]} 23. Ne3 {[%clk 1:03:09]} Be6 {[%clk 1:28:48]} 24. f4
{[%clk 0:55:41]} Re8 {[%clk 1:25:56]} 25. Kf2 {[%clk 0:55:38]} g6
{[%clk 1:24:59]} 26. Rd1 {[%clk 0:53:11]} Kf8 {[%clk 1:24:34]} 27. g4
{[%clk 0:50:28]} hxg4 {[%clk 1:24:58]} 28. hxg4 {[%clk 0:50:55]} Bxa2
{[%clk 1:25:01]} 29. Ra1 {[%clk 0:50:10]} Be6 {[%clk 1:22:42]} 30. Rxa7
{[%clk 0:49:31]} Rb8 {[%clk 1:21:00]} 31. Kg3 {[%clk 0:45:53]} Kg7
{[%clk 1:20:02]} 32. Ra4 {[%clk 0:34:06]} Bd7 {[%clk 1:15:31]} 33. Rd4
{[%clk 0:34:07]} Bc6 {[%clk 1:15:32]} 34. Nc4 {[%clk 0:30:12]} Re8
{[%clk 1:14:36]} 35. Ne5 {[%clk 0:30:02]} Re6 {[%clk 1:08:55]} 36. g5
{[%clk 0:28:13]} Bb5 {[%clk 1:04:47]} 37. c4 {[%clk 0:20:53]} Ba4
{[%clk 1:00:34]} 38. Ng4 {[%clk 0:18:52]} Rb6 {[%clk 0:59:04]} 39. Nf6
{[%clk 0:16:47]} Rb3+ {[%clk 0:56:54]} 40. Kg4 {[%clk 0:16:40]} Rb6
{[%clk 0:55:50]} 41. c5 {[%clk 0:13:08]} Ra6 {[%clk 0:55:54]} 42. c6
{[%clk 0:12:26]} Ra8 {[%clk 0:56:12]} 43. cxb7 {[%clk 0:12:13]} 1-0

[Event "MSR_ch20"]
[Site "?"]
[Date "2024.04.05"]
[Round "1.14"]
[White "Piroska, Samuel"]
[Black "Bulej, Matej"]
[Result "0-1"]
[BlackElo "2067"]
[WhiteElo "1667"]
[LiveChessVersion "1.4.8"]

1. d4 {[%clk 1:30:49]} Nf6 {[%clk 1:30:57]} 2. Nf3 {[%clk 1:31:09]} b6
{[%clk 1:31:07]} 3. Bf4 {[%clk 1:30:52]} Bb7 {[%clk 1:31:30]} 4. Nbd2
{[%clk 1:31:15]} g6 {[%clk 1:31:50]} 5. c3 {[%clk 1:31:21]} Bg7 {[%clk 1:32:12]}
6. e3 {[%clk 1:31:39]} O-O {[%clk 1:32:29]} 7. Bd3 {[%clk 1:31:45]} d6
{[%clk 1:32:48]} 8. Qc2 {[%clk 1:31:51]} Nbd7 {[%clk 1:32:25]} 9. O-O
{[%clk 1:31:43]} Qe8 {[%clk 1:29:32]} 10. Bg3 {[%clk 1:29:01]} e5
{[%clk 1:28:16]} 11. e4 {[%clk 1:27:32]} Nh5 {[%clk 1:25:26]} 12. d5
{[%clk 1:24:00]} Nc5 {[%clk 1:13:14]} 13. b4 {[%clk 1:18:02]} Nxd3
{[%clk 1:11:32]} 14. Qxd3 {[%clk 1:15:52]} h6 {[%clk 1:06:39]} 15. Ne1
{[%clk 1:07:05]} f5 {[%clk 1:01:15]} 16. f3 {[%clk 1:03:00]} f4 {[%clk 0:48:16]}
17. Bf2 {[%clk 1:03:13]} g5 {[%clk 0:48:35]} 18. c4 {[%clk 0:57:43]} a5
{[%clk 0:20:08]} 19. b5 {[%clk 0:48:04]} Bc8 {[%clk 0:18:47]} 20. a4
{[%clk 0:47:40]} Kh7 {[%clk 0:18:03]} 21. g4 {[%clk 0:36:42]} fxg3
{[%clk 0:17:19]} 22. Bxg3 {[%clk 0:36:51]} Nf4 {[%clk 0:12:00]} 23. Bxf4
{[%clk 0:36:09]} gxf4 {[%clk 0:11:41]} 24. Kf2 {[%clk 0:35:55]} Qh5
{[%clk 0:10:33]} 25. Rh1 {[%clk 0:34:46]} Bf6 {[%clk 0:11:01]} 26. Ng2
{[%clk 0:34:45]} Bh3 {[%clk 0:10:37]} 27. Rag1 {[%clk 0:22:49]} Rg8
{[%clk 0:10:25]} 28. Qf1 {[%clk 0:21:01]} Rg7 {[%clk 0:06:55]} 29. Nxf4
{[%clk 0:18:10]} Qh4+ 0-1

[Event "MSR_ch20"]
[Site "?"]
[Date "2024.04.05"]
[Round "1.15"]
[White "Salgovic, Simon"]
[Black "Duda, Daniel"]
[Result "1-0"]
[BlackElo "1654"]
[WhiteElo "2059"]
[LiveChessVersion "1.4.8"]

1. e4 {[%clk 1:30:57]} c5 {[%clk 1:30:58]} 2. Nf3 {[%clk 1:31:22]} e6
{[%clk 1:31:18]} 3. c4 {[%clk 1:31:48]} b6 {[%clk 1:31:08]} 4. Nc3
{[%clk 1:29:59]} Bb7 {[%clk 1:29:33]} 5. Bd3 {[%clk 1:27:07]} Nc6
{[%clk 1:19:57]} 6. O-O {[%clk 1:25:35]} Nge7 {[%clk 1:16:07]} 7. Bc2
{[%clk 1:20:11]} a6 {[%clk 1:10:10]} 8. d3 {[%clk 1:08:29]} Qc7 {[%clk 1:07:17]}
9. Be3 {[%clk 1:07:52]} g6 {[%clk 1:00:36]} 10. d4 {[%clk 1:05:23]} cxd4
{[%clk 0:41:11]} 11. Nxd4 {[%clk 1:04:18]} Bg7 {[%clk 0:39:35]} 12. Na4
{[%clk 0:52:26]} O-O {[%clk 0:14:41]} 13. Nxc6 {[%clk 0:50:35]} Bxc6
{[%clk 0:14:44]} 14. Bxb6 {[%clk 0:49:49]} Qb7 {[%clk 0:14:03]} 15. Bc5
{[%clk 0:47:22]} Rfe8 {[%clk 0:12:22]} 16. Qe2 {[%clk 0:37:31]} d5
{[%clk 0:07:42]} 17. Rfe1 {[%clk 0:32:27]} d4 {[%clk 0:04:09]} 18. Rab1
{[%clk 0:31:12]} Rad8 {[%clk 0:04:13]} 19. Qd3 {[%clk 0:29:37]} f5
{[%clk 0:02:37]} 20. f3 {[%clk 0:28:55]} fxe4 {[%clk 0:00:59]} 21. fxe4
{[%clk 0:29:20]} Bh6 {[%clk 0:00:34]} 22. b4 {[%clk 0:28:22]} Be3+
{[%clk 0:00:55]} 23. Kh1 {[%clk 0:28:49]} Nf5 {[%clk 0:00:42]} 24. b5
{[%clk 0:28:40]} Ng3+ {[%clk 0:01:09]} 25. hxg3 {[%clk 0:29:00]} Qg7
{[%clk 0:01:37]} 26. Rxe3 {[%clk 0:29:02]} Qh6+ {[%clk 0:01:40]} 27. Kg1
{[%clk 0:29:27]} dxe3 {[%clk 0:02:08]} 28. Qxe3 {[%clk 0:29:44]} Qxe3+
{[%clk 0:01:36]} 29. Bxe3 {[%clk 0:30:12]} axb5 {[%clk 0:01:48]} 30. cxb5
{[%clk 0:30:40]} Bb7 {[%clk 0:00:51]} 31. Nc5 {[%clk 0:30:52]} Rc8
{[%clk 0:01:06]} 32. Bb3 {[%clk 0:31:10]} 1-0

[Event "MSR_ch20"]
[Site "?"]
[Date "2024.04.05"]
[Round "1.17"]
[White "Bidulsky, Matej"]
[Black "Mitas, Daniel"]
[Result "1-0"]
[BlackElo "1614"]
[WhiteElo "2041"]
[LiveChessVersion "1.4.8"]

1. e4 {[%clk 1:30:57]} c6 {[%clk 1:30:53]} 2. c4 {[%clk 1:31:20]} d5
{[%clk 1:31:02]} 3. cxd5 {[%clk 1:31:44]} cxd5 {[%clk 1:31:24]} 4. exd5
{[%clk 1:32:11]} Nf6 {[%clk 1:31:18]} 5. Bb5+ {[%clk 1:32:27]} Bd7
{[%clk 1:31:16]} 6. Bc4 {[%clk 1:32:51]} Qc7 {[%clk 1:26:41]} 7. d3
{[%clk 1:31:20]} g6 {[%clk 1:17:54]} 8. Nc3 {[%clk 1:28:21]} Bg7 {[%clk 1:17:33]}
9. Qb3 {[%clk 1:28:27]} O-O {[%clk 1:15:08]} 10. Nge2 {[%clk 1:27:17]} a6
{[%clk 1:11:57]} 11. Bf4 {[%clk 1:27:23]} Qc8 {[%clk 1:06:17]} 12. a4
{[%clk 1:26:58]} Be8 {[%clk 1:03:41]} 13. Qb4 {[%clk 1:24:39]} Qd7
{[%clk 0:53:59]} 14. O-O {[%clk 1:24:57]} Nh5 {[%clk 0:49:56]} 15. Rfe1
{[%clk 1:23:56]} Kh8 {[%clk 0:47:10]} 16. Bxb8 {[%clk 1:19:14]} Rxb8
{[%clk 0:46:51]} 17. Ng3 {[%clk 1:19:39]} Bf6 {[%clk 0:38:50]} 18. Nce4
{[%clk 1:19:57]} Bd4 {[%clk 0:36:15]} 19. Nxh5 {[%clk 1:19:24]} gxh5
{[%clk 0:36:41]} 20. Bxa6 {[%clk 1:17:10]} Qf5 {[%clk 0:35:52]} 21. Qxd4+
{[%clk 1:17:36]} 1-0

[Event "MSR_ch20"]
[Site "?"]
[Date "2024.04.05"]
[Round "1.18"]
[White "Droppa, Kristian"]
[Black "Straka, Simon"]
[Result "0-1"]
[BlackElo "2025"]
[WhiteElo "1594"]
[LiveChessVersion "1.4.8"]

1. Nf3 {[%clk 1:31:06]} Nf6 2. g3 d5 {[%clk 1:28:13]} 3. Bg2 {[%clk 1:30:05]} e6
{[%clk 1:28:26]} 4. O-O {[%clk 1:30:06]} b6 {[%clk 1:23:34]} 5. d3
{[%clk 1:25:23]} Bb7 {[%clk 1:23:30]} 6. c4 {[%clk 1:21:39]} c5 {[%clk 1:22:28]}
7. cxd5 {[%clk 1:14:43]} exd5 {[%clk 1:22:40]} 8. Bf4 {[%clk 1:13:51]} Bd6
{[%clk 1:19:33]} 9. Bxd6 {[%clk 1:09:07]} Qxd6 {[%clk 1:19:56]} 10. Nbd2
{[%clk 1:08:05]} O-O {[%clk 1:19:26]} 11. d4 {[%clk 1:02:20]} Nbd7
{[%clk 1:06:25]} 12. Re1 {[%clk 0:55:11]} Rfe8 {[%clk 1:04:02]} 13. Rc1
{[%clk 0:47:38]} Rac8 {[%clk 0:59:16]} 14. dxc5 {[%clk 0:36:13]} bxc5
{[%clk 0:59:11]} 15. Qb3 {[%clk 0:32:35]} Rb8 {[%clk 0:57:12]} 16. Qa3
{[%clk 0:29:38]} Qa6 {[%clk 0:31:05]} 17. Qxa6 {[%clk 0:26:09]} Bxa6
{[%clk 0:31:29]} 18. b3 {[%clk 0:21:11]} Bxe2 {[%clk 0:27:30]} 19. Bf1
{[%clk 0:20:50]} Bxf1 {[%clk 0:27:26]} 20. Kxf1 {[%clk 0:21:11]} a5
{[%clk 0:23:26]} 21. Rxe8+ {[%clk 0:16:39]} Rxe8 {[%clk 0:23:38]} 22. Ne1
{[%clk 0:16:09]} Kf8 {[%clk 0:15:44]} 23. Nd3 {[%clk 0:15:46]} Rc8
{[%clk 0:16:01]} 24. b4 {[%clk 0:15:48]} axb4 {[%clk 0:14:56]} 25. Nxb4
{[%clk 0:15:35]} Ra8 {[%clk 0:15:00]} 26. Nd3 {[%clk 0:12:36]} Rxa2
{[%clk 0:14:40]} 27. Nf3 {[%clk 0:12:48]} Ne4 {[%clk 0:14:21]} 28. Nf4
{[%clk 0:11:37]} Rxf2+ {[%clk 0:14:33]} 29. Kg1 {[%clk 0:11:53]} Rxf3
{[%clk 0:14:35]} 30. Nxd5 {[%clk 0:12:03]} Ne5 {[%clk 0:11:07]} 31. Re1
{[%clk 0:10:15]} Rd3 {[%clk 0:11:05]} 32. Nf4 {[%clk 0:09:45]} Nf3+
{[%clk 0:11:25]} 33. Kf1 {[%clk 0:09:39]} Nxe1 {[%clk 0:11:23]} 34. Nxd3
{[%clk 0:09:33]} Nxd3 {[%clk 0:11:47]} 35. Ke2 {[%clk 0:09:40]} c4
{[%clk 0:11:06]} 0-1

[Event "MSR_ch20"]
[Site "?"]
[Date "2024.04.05"]
[Round "1.19"]
[White "Koska, Jiri"]
[Black "Rerko, Samuel"]
[Result "1-0"]
[BlackElo "1584"]
[WhiteElo "2024"]
[LiveChessVersion "1.4.8"]

1. Nf3 {[%clk 1:30:57]} d5 {[%clk 1:30:44]} 2. b3 {[%clk 1:31:20]} c5
{[%clk 1:30:46]} 3. Bb2 {[%clk 1:30:56]} Nc6 {[%clk 1:30:45]} 4. g3
{[%clk 1:31:12]} Nf6 {[%clk 1:30:49]} 5. Bg2 {[%clk 1:31:36]} Bf5
{[%clk 1:30:55]} 6. d3 {[%clk 1:31:42]} e6 {[%clk 1:31:01]} 7. Nbd2
{[%clk 1:31:27]} Bd6 {[%clk 1:30:20]} 8. O-O {[%clk 1:31:36]} O-O
{[%clk 1:27:32]} 9. Qe1 {[%clk 1:30:24]} Nb4 {[%clk 1:19:15]} 10. Qd1
{[%clk 1:16:30]} Re8 {[%clk 1:11:17]} 11. a3 {[%clk 1:13:52]} Nc6
{[%clk 1:11:17]} 12. Qe1 {[%clk 1:13:50]} e5 {[%clk 1:10:45]} 13. e4
{[%clk 1:13:20]} Be6 {[%clk 1:10:42]} 14. Ng5 {[%clk 1:05:40]} d4
{[%clk 1:09:28]} 15. Nxe6 {[%clk 1:03:47]} Rxe6 {[%clk 1:08:32]} 16. Bh3
{[%clk 0:59:53]} Re8 {[%clk 1:08:39]} 17. Nf3 {[%clk 0:58:24]} h6
{[%clk 1:06:32]} 18. Nh4 {[%clk 0:56:23]} Nh7 {[%clk 1:04:55]} 19. Kh1
{[%clk 0:42:42]} Ng5 {[%clk 0:59:30]} 20. Bg2 {[%clk 0:41:58]} Ne7
{[%clk 0:57:56]} 21. f4 {[%clk 0:38:11]} Ne6 {[%clk 0:53:23]} 22. Bc1
{[%clk 0:33:23]} f6 {[%clk 0:45:38]} 23. Bh3 {[%clk 0:19:37]} Nf8
{[%clk 0:44:34]} 24. Qe2 {[%clk 0:19:43]} Nfg6 {[%clk 0:42:46]} 25. Be6+
{[%clk 0:19:16]} Kh8 {[%clk 0:41:59]} 26. Nxg6+ {[%clk 0:19:12]} Nxg6
{[%clk 0:42:17]} 27. Bf7 {[%clk 0:19:39]} Ne7 {[%clk 0:42:26]} 28. f5
{[%clk 0:17:39]} Rg8 {[%clk 0:40:13]} 29. Qh5 {[%clk 0:17:24]} Kh7
{[%clk 0:40:08]} 30. Bg6+ {[%clk 0:15:33]} Nxg6 {[%clk 0:40:27]} 31. fxg6+
{[%clk 0:15:54]} Kh8 {[%clk 0:40:48]} 32. Bxh6 {[%clk 0:16:14]} Qd7
{[%clk 0:39:40]} 33. Bg5# {[%clk 0:16:26]} 1-0

[Event "MSR_ch20"]
[Site "?"]
[Date "2024.04.05"]
[Round "1.20"]
[White "Hulic, Michal"]
[Black "Paluska, Karol"]
[Result "0-1"]
[BlackElo "2015"]
[WhiteElo "1575"]
[LiveChessVersion "1.4.8"]

1. e4 {[%clk 1:30:53]} c6 {[%clk 1:29:16]} 2. d4 {[%clk 1:30:53]} d5
{[%clk 1:29:45]} 3. f3 {[%clk 1:30:49]} Nf6 {[%clk 1:29:41]} 4. Nc3
{[%clk 1:30:34]} e6 {[%clk 1:30:06]} 5. Be3 {[%clk 1:27:27]} Bb4 {[%clk 1:28:30]}
6. Nge2 {[%clk 1:26:31]} dxe4 {[%clk 1:25:00]} 7. a3 {[%clk 1:21:19]} Bxc3+
{[%clk 1:16:52]} 8. Nxc3 {[%clk 1:21:05]} Nd5 {[%clk 1:17:20]} 9. Nxd5
{[%clk 1:19:21]} exd5 {[%clk 1:17:26]} 10. fxe4 {[%clk 1:17:53]} Qh4+
{[%clk 1:16:15]} 11. Bf2 {[%clk 1:13:26]} Qxe4+ {[%clk 1:16:38]} 12. Qe2
{[%clk 1:13:43]} Bf5 {[%clk 1:16:49]} 13. O-O-O {[%clk 1:11:40]} Qxe2
{[%clk 1:17:06]} 14. Bxe2 {[%clk 1:11:58]} O-O {[%clk 1:17:29]} 15. Bd3
{[%clk 1:07:54]} Bxd3 {[%clk 1:14:57]} 16. Rxd3 {[%clk 1:07:25]} Re8
{[%clk 1:15:23]} 17. Re1 {[%clk 1:07:15]} Nd7 {[%clk 1:15:31]} 18. Rde3
{[%clk 1:05:22]} Nf6 {[%clk 1:14:10]} 19. Rxe8+ {[%clk 0:58:04]} Rxe8
{[%clk 1:14:37]} 20. Rxe8+ {[%clk 0:58:32]} Nxe8 {[%clk 1:14:58]} 21. Kd2
{[%clk 0:56:57]} Nd6 {[%clk 1:14:44]} 22. Kd3 {[%clk 0:52:49]} Kf8
{[%clk 1:10:56]} 23. b3 {[%clk 0:47:35]} Ke7 {[%clk 1:10:51]} 24. Be1
{[%clk 0:44:52]} Ke6 {[%clk 1:09:35]} 25. c4 {[%clk 0:40:51]} f5 {[%clk 1:09:51]}
26. c5 {[%clk 0:39:11]} Ne4 {[%clk 1:10:13]} 27. a4 {[%clk 0:37:50]} f4
{[%clk 1:05:28]} 28. b4 {[%clk 0:34:15]} a6 {[%clk 1:05:51]} 29. Ke2
{[%clk 0:32:41]} g5 {[%clk 1:06:00]} 30. Kf3 {[%clk 0:29:58]} Kf5
{[%clk 1:06:23]} 31. h3 {[%clk 0:29:10]} h5 {[%clk 1:06:18]} 32. h4
{[%clk 0:25:08]} g4+ {[%clk 1:05:00]} 33. Ke2 {[%clk 0:25:14]} Nf6
{[%clk 1:05:18]} 34. g3 {[%clk 0:23:17]} Ne4 {[%clk 0:55:56]} 35. gxf4
{[%clk 0:21:02]} Kxf4 {[%clk 0:56:08]} 36. a5 {[%clk 0:18:40]} g3
{[%clk 0:56:14]} 37. Kf1 {[%clk 0:16:11]} Kg4 {[%clk 0:56:17]} 0-1

[Event "MSR_ch20"]
[Site "?"]
[Date "2024.04.05"]
[Round "1.21"]
[White "Melih, Mario"]
[Black "Ondrejicka, Tomas"]
[Result "1-0"]
[BlackElo "1530"]
[WhiteElo "1990"]
[LiveChessVersion "1.4.8"]

1. e4 {[%clk 1:30:56]} e5 {[%clk 1:30:53]} 2. Nf3 {[%clk 1:31:18]} Nf6
{[%clk 1:31:06]} 3. Nxe5 {[%clk 1:31:31]} d6 {[%clk 1:31:17]} 4. Nf3
{[%clk 1:31:44]} Nxe4 {[%clk 1:31:29]} 5. c4 {[%clk 1:32:03]} Be7
{[%clk 1:30:56]} 6. d4 {[%clk 1:31:34]} O-O {[%clk 1:29:45]} 7. Bd3
{[%clk 1:31:07]} Nf6 {[%clk 1:28:29]} 8. O-O {[%clk 1:31:01]} Nbd7
{[%clk 1:27:51]} 9. Nc3 {[%clk 1:29:33]} h6 {[%clk 1:25:02]} 10. h3
{[%clk 1:27:01]} c5 {[%clk 1:23:10]} 11. d5 {[%clk 1:26:48]} b6 {[%clk 1:21:27]}
12. Bf4 {[%clk 1:26:03]} Ba6 {[%clk 1:19:41]} 13. Rc1 {[%clk 1:24:23]} Nh5
{[%clk 1:17:56]} 14. Bh2 {[%clk 1:24:35]} Bg5 {[%clk 1:17:19]} 15. Nxg5
{[%clk 1:24:43]} Qxg5 {[%clk 1:17:09]} 16. Ne4 {[%clk 1:20:38]} Qg6
{[%clk 1:11:10]} 17. Nxc5 {[%clk 1:20:30]} Qg5 {[%clk 1:03:04]} 18. Nxa6
{[%clk 1:20:35]} Nf4 {[%clk 0:57:30]} 19. Bxf4 {[%clk 1:19:28]} Qxf4
{[%clk 0:57:44]} 20. Qg4 {[%clk 1:17:56]} Qxg4 {[%clk 0:53:04]} 21. hxg4
{[%clk 1:18:09]} Ne5 {[%clk 0:52:37]} 22. Be2 {[%clk 1:18:18]} f5
{[%clk 0:51:26]} 23. gxf5 {[%clk 1:17:34]} Rxf5 {[%clk 0:51:36]} 24. f4
{[%clk 1:17:52]} Ng6 {[%clk 0:50:03]} 25. Nc7 {[%clk 1:18:12]} Rc8
{[%clk 0:47:46]} 26. Bg4 {[%clk 1:18:22]} Rxf4 {[%clk 0:46:02]} 27. Bxc8
{[%clk 1:17:29]} Re4 {[%clk 0:44:31]} 28. Bf5 {[%clk 1:17:15]} 1-0

[Event "MSR_ch20"]
[Site "?"]
[Date "2024.04.05"]
[Round "1.22"]
[White "Osvald, Jakub"]
[Black "Kulich, Daniel"]
[Result "0-1"]
[BlackElo "1941"]
[WhiteElo "1517"]
[LiveChessVersion "1.4.8"]

1. d4 {[%clk 1:30:55]} Nf6 {[%clk 1:30:45]} 2. Bf4 {[%clk 1:31:17]} c5
{[%clk 1:23:24]} 3. e3 {[%clk 1:30:43]} d5 {[%clk 1:22:53]} 4. Nf3
{[%clk 1:30:44]} Nc6 {[%clk 1:20:41]} 5. c3 {[%clk 1:29:56]} e6 {[%clk 1:17:19]}
6. Nbd2 {[%clk 1:28:03]} Be7 {[%clk 1:15:46]} 7. Bd3 {[%clk 1:27:34]} Nh5
{[%clk 1:15:05]} 8. Ne5 {[%clk 1:24:34]} Nxf4 {[%clk 1:14:31]} 9. exf4
{[%clk 1:24:41]} Qb6 {[%clk 1:06:25]} 10. Nxc6 {[%clk 1:20:09]} bxc6
{[%clk 1:06:27]} 11. Qb3 {[%clk 1:20:02]} Qc7 {[%clk 1:02:21]} 12. Qa4
{[%clk 1:15:31]} Bd7 {[%clk 1:01:39]} 13. Nf3 {[%clk 1:10:56]} c4
{[%clk 0:55:21]} 14. Be2 {[%clk 1:10:12]} c5 {[%clk 0:52:44]} 15. Qc2
{[%clk 1:07:59]} cxd4 {[%clk 0:51:47]} 16. Nxd4 {[%clk 1:06:36]} Qxf4
{[%clk 0:49:23]} 17. Qd2 {[%clk 1:04:59]} Qxd2+ {[%clk 0:47:35]} 18. Kxd2
{[%clk 1:05:22]} O-O {[%clk 0:44:05]} 19. Rhd1 {[%clk 1:02:14]} Rfb8
{[%clk 0:38:09]} 20. Rab1 {[%clk 1:00:49]} Bc5 {[%clk 0:37:13]} 21. Ke1
{[%clk 0:58:29]} Ba4 {[%clk 0:30:32]} 22. Rd2 {[%clk 0:55:36]} Rb6
{[%clk 0:27:37]} 23. Bd1 {[%clk 0:48:24]} Bxd1 {[%clk 0:24:49]} 24. Rdxd1
{[%clk 0:47:52]} Rab8 {[%clk 0:25:02]} 25. b4 {[%clk 0:40:17]} cxb3
{[%clk 0:22:40]} 26. Nxb3 {[%clk 0:37:00]} Bd6 {[%clk 0:20:20]} 27. g3
{[%clk 0:36:04]} Be5 {[%clk 0:19:53]} 28. Rbc1 {[%clk 0:35:48]} Rc6
{[%clk 0:18:37]} 29. Kd2 {[%clk 0:34:12]} Rbc8 {[%clk 0:18:19]} 30. Nd4
{[%clk 0:29:58]} Bxd4 {[%clk 0:14:00]} 31. cxd4 {[%clk 0:28:44]} Rxc1
{[%clk 0:14:27]} 32. Rxc1 {[%clk 0:29:07]} Rxc1 {[%clk 0:14:55]} 33. Kxc1
{[%clk 0:29:21]} Kf8 {[%clk 0:15:24]} 34. Kc2 {[%clk 0:20:30]} Ke7
{[%clk 0:15:46]} 35. f4 {[%clk 0:18:34]} Kd6 {[%clk 0:15:55]} 36. Kc3
{[%clk 0:18:21]} h6 {[%clk 0:16:03]} 37. Kb4 {[%clk 0:17:08]} Kc6
{[%clk 0:16:08]} 38. Ka5 {[%clk 0:16:31]} Kb7 {[%clk 0:14:54]} 39. a4
{[%clk 0:12:52]} a6 {[%clk 0:14:59]} 40. Kb4 {[%clk 0:10:51]} Kb6
{[%clk 0:15:19]} 41. a5+ {[%clk 0:06:29]} Kc6 {[%clk 0:15:43]} 42. Ka4
{[%clk 0:06:35]} f6 {[%clk 0:15:36]} 43. Kb4 {[%clk 0:06:35]} h5 {[%clk 0:15:16]}
44. h4 {[%clk 0:19:34]} Kd6 45. Kc3 {[%clk 0:19:54]} e5 {[%clk 0:44:16]} 46.
fxe5+ {[%clk 0:19:54]} fxe5 {[%clk 0:44:41]} 47. dxe5+ {[%clk 0:18:53]} Kxe5
{[%clk 0:44:32]} 48. Kd3 {[%clk 0:17:17]} d4 {[%clk 0:43:58]} 49. Ke2
{[%clk 0:15:26]} Ke4 {[%clk 0:44:21]} 50. Kd2 {[%clk 0:13:49]} d3
{[%clk 0:44:33]} 0-1

[Event "MSR_ch20"]
[Site "?"]
[Date "2024.04.05"]
[Round "1.23"]
[White "Sustek, Adam"]
[Black "Lichvar, Simon"]
[Result "1-0"]
[BlackElo "1302"]
[WhiteElo "1910"]
[LiveChessVersion "1.4.8"]

1. e4 {[%clk 1:30:54]} c6 {[%clk 1:30:42]} 2. d4 {[%clk 1:31:10]} d5
{[%clk 1:30:57]} 3. Nc3 {[%clk 1:31:20]} dxe4 {[%clk 1:30:59]} 4. Nxe4
{[%clk 1:31:44]} Bf5 {[%clk 1:31:00]} 5. Ng3 {[%clk 1:31:59]} Bg6
{[%clk 1:30:53]} 6. Nf3 {[%clk 1:31:23]} Nf6 {[%clk 1:30:13]} 7. Bd3
{[%clk 1:29:41]} Nbd7 {[%clk 1:29:30]} 8. O-O {[%clk 1:27:36]} e6
{[%clk 1:27:03]} 9. Bf4 {[%clk 1:24:51]} Nd5 {[%clk 1:22:59]} 10. Bg5
{[%clk 1:22:34]} N7f6 {[%clk 1:21:15]} 11. Bxg6 {[%clk 1:18:47]} hxg6
{[%clk 1:21:03]} 12. Re1 {[%clk 1:15:45]} Bd6 {[%clk 1:05:07]} 13. Ne5
{[%clk 1:01:37]} Qc7 {[%clk 1:04:11]} 14. c4 {[%clk 0:50:16]} Ne7
{[%clk 1:00:01]} 15. c5 {[%clk 0:43:16]} Bxe5 {[%clk 0:59:08]} 16. dxe5
{[%clk 0:43:18]} Nfd5 {[%clk 0:57:44]} 17. Ne4 {[%clk 0:38:51]} f6
{[%clk 0:42:39]} 18. Nd6+ {[%clk 0:36:22]} Kf8 {[%clk 0:42:15]} 19. exf6
{[%clk 0:32:56]} gxf6 {[%clk 0:41:08]} 20. Qf3 {[%clk 0:30:41]} Kg7
{[%clk 0:36:34]} 21. Rxe6 {[%clk 0:24:44]} fxg5 {[%clk 0:27:48]} 22. Qf7+
{[%clk 0:23:06]} Kh6 {[%clk 0:27:57]} 23. Nf5+ {[%clk 0:21:27]} Kh5
{[%clk 0:24:46]} 24. Nxe7 {[%clk 0:20:21]} Nxe7 {[%clk 0:22:15]} 25. Rxe7
{[%clk 0:19:40]} Qf4 {[%clk 0:20:24]} 26. Rxb7 {[%clk 0:17:41]} Qxf7
{[%clk 0:15:10]} 27. Rxf7 {[%clk 0:18:01]} Rhd8 {[%clk 0:14:27]} 28. h3
{[%clk 0:16:54]} g4 {[%clk 0:14:07]} 29. hxg4+ {[%clk 0:16:22]} Kxg4
{[%clk 0:14:23]} 30. Rf6 {[%clk 0:16:25]} Kg5 {[%clk 0:14:16]} 31. Rxc6
{[%clk 0:16:20]} Rd2 {[%clk 0:14:19]} 32. Rb1 {[%clk 0:14:40]} Rb8
{[%clk 0:14:11]} 33. Ra6 {[%clk 0:14:02]} Rbxb2 {[%clk 0:13:28]} 34. Rxb2
{[%clk 0:14:17]} Rxb2 {[%clk 0:13:51]} 35. Rxa7 {[%clk 0:14:21]} Rc2
{[%clk 0:13:49]} 36. Ra5 {[%clk 0:14:36]} Kf4 {[%clk 0:13:49]} 37. a4
{[%clk 0:13:50]} g5 {[%clk 0:13:42]} 38. Rb5 {[%clk 0:13:44]} Rc1+
{[%clk 0:13:12]} 39. Kh2 {[%clk 0:14:05]} 1-0